000 00438nam a2200181Ia 4500
005 20240823042100.0
008 240823s9999||||xx |||||||||||||| ||und||
041 _aENGLISH
082 _A519 N3
100 _aVenkatraman M K
245 0 _aEngineering Mathematics Vol 1
250 _a3rd
260 _c1993
_b"NPC,Madras"
500 _aTRANSFERED
650 _aEngineering Mathematics
_bMathematics
942 _cBK
999 _c207028
_d207028